Analýza účtovnej závierky Praktikum

Enregistré dans:
Détails bibliographiques
Auteur principal: Šlosárová, Anna
Collectivité auteur: Ekonomická univerzita v Bratislave. Fakulta hospodárskej informatiky
Autres auteurs: Hvoždarová, Jana, Kapšová, Katarína
Format: Livre
Langue:slovaque
Publié: Bratislava Ekonóm 1995
Édition:1. vyd.
Sujets:
Tags: Ajouter un tag
Pas de tags, Soyez le premier à ajouter un tag!

MARC

LEADER 00000nam a2200000 4500
001 c010935
005 20221214070705.7
020 |a 80-225-0626-5 
041 0 |a slo 
044 |a SK 
245 1 0 |a Analýza účtovnej závierky  |b Praktikum  |c Anna Šlosárová, Janka Hvožďárová, Katarína Kapšová 
250 |a 1. vyd. 
264 1 |a Bratislava  |b Ekonóm  |c 1995 
300 |a 120 s. 
610 2 0 |a závierka účtovná konsolidovaná 
610 2 0 |a účtovníctvo 
610 2 0 |a podnikanie 
610 2 0 |a súvaha 
610 2 0 |a bilancie 
610 2 0 |a analýzy 
610 2 0 |a likvidita 
100 1 |a Šlosárová, Anna 
700 1 |a Hvoždarová, Jana 
700 1 |a Kapšová, Katarína 
710 2 |a Ekonomická univerzita v Bratislave. Fakulta hospodárskej informatiky